00498nam a2200193Ia 4500003000400000005001700004008004100021020001800062040000700080041001200087082002100099100001700120245006600137260003300203300002700236365001400263650001200277650001500289OSt20250626113828.0210423s2009 xx 000 0 und d a9781405154147 cAL aEnglish a070.1 223bADAG aPaul C Adams aGeographies of media and communication: critical introduction aLondonbWiley and Sonsc2009 axvi,262p.bPBc24.5x17 b2177cINR aGeneral aMass Media